00721 2200253 4500001002100000005001700021008004100038020001800079035002400097082001300121090002000134100002300154245006200177250001800239260003400257300002800291650004600319650004200365850001500407980001100422985000600433986001300439999001500452YOGYA-0209000001261520090227022237.0 ind  a979-533-248-1 0010-020900000012615 a001.6425 a001.6425bMun P aMUNADI, Suprayitno aPerhitungan matrika dengan quick basiccSuprayitno Munadi aEd. 1, cet. 1 aYogyakartabAndi Offsetc1995 ax, 241 hlmbilusc23 cm aQuick basic (Bahasa pemrograman komputer) aMatriks (Bahasa pemrograman komputer) aYOPDYOG(B) a060605 a1 afwhrtrev a97P0102981